• 首页
  • 本馆介绍
  • 公告通知
  • 最新文献
  • 馆藏检索
  • 电子资源
  • 读者导购
  • 参考咨询
  • 我的图书馆
  • 登录
  • 详细信息显示
  • 放入我的书架
  • 预约/预借图书
  • 作者相关作品
  • 分类相关作品
  • 丛书相关作品
  • 出版社相关作品

书目信息

  • 表格格式
  • 工作单格式
  • 卡片格式
题名:
小儿智能发育迟缓
    
 
作者: 申淑芳 , 尹彩霞 , 张晓慧 主编
分册:  
出版信息: 北京   中国医药科技出版社  2016.01
页数: 162页
开本: 21cm
丛书名:
单 册:
中图分类: R339.3
科图分类:
主题词: 少年儿童--智力发育--发育异常--防治
电子资源:
ISBN: 978-7-5067-8034-6
000 01062nam0 2200265 450
001 0108153919
005 20210308154404.0
010    @a978-7-5067-8034-6@dCNY19.80
100    @a20160225d2016 em y0chiy50 ea
101 0  @achi
102    @aCN@b110000
105    @ay z 000yy
106    @ar
200 1  @a小儿智能发育迟缓@Axiao er zhi neng fa yu chi huan@f申淑芳, 尹彩霞, 张晓慧主编
210    @a北京@c中国医药科技出版社@d2016.01
215    @a162页@d21cm
300    @a专家与您面对面
330    @a本书从“未病先防,既病防变”的理念出发,分别从基础知识、发病信号、鉴别诊断、综合治疗、康复调养和预防保健六个方面进行介绍,告诉您关于小儿智能发育迟缓您需要知道的有多少,您能做的有哪些。阅读本书,让您在全面了解小儿智能发育迟缓的基础上,不求人也能轻松应对小儿智能发育迟缓的“防”与“治”。
606 0  @a少年儿童@x智力发育@x发育异常@x防治
690    @aR339.3@v5
701  0 @a申淑芳@Ashen shu fang@4主编
701  0 @a尹彩霞@Ayin cai xia@4主编
701  0 @a张晓慧@Azhang xiao hui@4主编
801  0 @aCN@bBJSZM@c20210308
905    @b1273431-4@dR339.3@e356@f4
    
    小儿智能发育迟缓/申淑芳, 尹彩霞, 张晓慧主编.-北京:中国医药科技出版社,2016.01
    162页;21cm
    专家与您面对面
    
    ISBN 978-7-5067-8034-6:CNY19.80
    本书从“未病先防,既病防变”的理念出发,分别从基础知识、发病信号、鉴别诊断、综合治疗、康复调养和预防保健六个方面进行介绍,告诉您关于小儿智能发育迟缓您需要知道的有多少,您能做的有哪些。阅读本书,让您在全面了解小儿智能发育迟缓的基础上,不求人也能轻松应对小儿智能发育迟缓的“防”与“治”。
●
相关链接 在E读中查询图书 在五车中查询图书 在当当中查询图书 在豆瓣中查询图书


正题名:小儿智能发育迟缓     索取号:R339.3/356         预约/预借

序号 登录号 条形码 馆藏地/架位号 状态 备注
1 1273431   212734317   第二样本阅览室/ [索取号:R339.3/356] 在馆    
2 1273432   212734326   教育系资料室/ [索取号:R339.3/356] 在馆    
3 1273433   212734335   教育系资料室/ [索取号:R339.3/356] 在馆    
4 1273434   212734344   第三借阅区/ [索取号:R339.3/356] 在馆    
唐山师范学院图书馆 欢迎您!
大连网信软件有限公司© 版权所有